书目信息 |
| 题名: |
贫穷与浪费
|
|
| 作者: | 管仲连 , 涂方祥 主编 | |
| 分册: | ||
| 出版信息: | 北京 海洋出版社 2007.03 |
|
| 页数: | 350页 | |
| 开本: | 21cm | |
| 丛书名: | ||
| 单 册: | ||
| 中图分类: | X372 | |
| 科图分类: | ||
| 主题词: | 自然资源--zi ran zi yuan--资源利用--中国 | |
| 电子资源: | ||
| ISBN: | 978-7-5027-6751-8 | |
| 000 | 01073nam0 2200253 450 | |
| 001 | 012008884495 | |
| 005 | 20080513165736.01 | |
| 010 | @a978-7-5027-6751-8@dCNY28.00 | |
| 100 | @a20080512d2007 em y0chiy0120 ea | |
| 101 | 0 | @achi |
| 102 | @aCN@b110000 | |
| 105 | @aak z 000yy | |
| 106 | @ar | |
| 200 | 1 | @a贫穷与浪费@Apin qiong yu lang fei@e当代中国自然资源忧思录@f管仲连, 涂方祥主编@Fguan zhong lian,tu fang xiang zhu bian |
| 210 | @a北京@c海洋出版社@d2007.03 | |
| 215 | @a350页@c图@d21cm | |
| 330 | @a本书深入地剖析了中国我国各类自然资源,包括粮食、水、水力、电力、土地、森林、煤炭、石油、矿产、道路、旅游、海洋等资源的状况,披露了在开发利用资源的过程中普遍存在的管理粗放和浪费情况,并分析了产生这些现象的经济的、教育的、文化的和政策方面的原因。 | |
| 517 | 1 | @a当代中国自然资源忧思录@Adang dai zhong guo zi ran zi yuan you si lu |
| 606 | 0 | @a自然资源@Azi ran zi yuan@x资源利用@y中国 |
| 690 | @aX372@v4 | |
| 701 | 0 | @a管仲连@Aguan zhong lian@4主编 |
| 701 | 0 | @a涂方祥@Atu fang xiang@4主编 |
| 801 | 0 | @aCN@bQSSK@c20080513 |
| 905 | @b711254-56@dX372@eG572@f3 | |
| 贫穷与浪费:当代中国自然资源忧思录/管仲连, 涂方祥主编.-北京:海洋出版社,2007.03 |
| 350页:图;21cm |
| ISBN 978-7-5027-6751-8:CNY28.00 |
| 本书深入地剖析了中国我国各类自然资源,包括粮食、水、水力、电力、土地、森林、煤炭、石油、矿产、道路、旅游、海洋等资源的状况,披露了在开发利用资源的过程中普遍存在的管理粗放和浪费情况,并分析了产生这些现象的经济的、教育的、文化的和政策方面的原因。 |
| ● |
| 相关链接 |
|
|
|
正题名:贫穷与浪费
索取号:X372/G572
 
预约/预借
| 序号 | 登录号 | 条形码 | 馆藏地/架位号 | 状态 | 备注 |
| 1 | 711254 | 207112541 | 自科库501/501自科库 67排2列3层/ [索取号:X372/G572] | 在馆 | |
| 2 | 711255 | 207112550 | 自科库501/501自科库 67排2列3层/ [索取号:X372/G572] | 在馆 | |
| 3 | 711256 | 207112569 | 自科库501/501自科库 67排2列3层/ [索取号:X372/G572] | 在馆 |